LEADER 01102nam a2200253 u 4500 001 000000089221 003 CaOOAMICUS 005 20070226124608.0 008 051114s1957 it u000 u ita u 035 $a11068492 040 $aPUL(R)$bita 100 1 $aBraido, Pietro.$0(OLS)http://pul/name/5416 245 10$aUmanesimo e pedagogia :$bprofili e orientamenti /$cPietro Braido. 260 $aTorino :$bPontificio Ateneo Salesiano,$c1957. 300 $a209 p. ;$c24 cm 490 1 $aPubblicazioni dell'Istituto Superiore di Pedagogia ;$v9 504 $aIncluse note bibliografiche. 650 4$aPedagogia.$0(OLS)http://pul/subject/1507 830 0$aPubblicazioni dell'Istituto Superiore di Pedagogia ;$v9.$0(OLS)http://pul/title/21524 850 $aPUL 852 $aPUL$W1$xDP1 Fondo Pastorale$y55$mP10 A 8$j112846$nBK-PRI$b $qFondi$B112846$CPULBib$Z2$F112846 $HPUL5 $81 941 1 $a1 996 $6245$aUmanesimo e pedagogia :$bprofili e orientamenti$9(OLS)http://pul/title/115234 996 $6260$aTorino :$bPontificio Ateneo Salesiano$9(OLS)http://pul/publisher/54242 LEADER 00950nam a2200217 u 4500 001 000000054608 003 CaOOAMICUS 005 20070226115707.0 008 001218n fr u000 u fre u 035 $a10864064 040 $aPUL(R)$bita 100 1 $aMichaud, Humbert.$0(OLS)http://pul/name/38654 245 10$aAnalyse de la revolution moderne :$bprincipes d'une nouvelle philosophie réaliste /$cHumbert Michaud. 260 $aParis :$bC.D.U. et S.E.D.E.S,$c[s. d.] 300 $a104 p. ;$c21 cm 650 4$aFilosofia e scienza.$0(OLS)http://pul/subject/7564 850 $aPUL 852 $aPUL$W1$xDP1 Fondo Giannini$y60$m1557 D 33$j71908$nBK-PRI$b $qFondi$B71908$CPULBib$Z2$F71908 $H $81 941 1 $a1 996 $6245$aAnalyse de la revolution moderne :$bprincipes d'une nouvelle philosophie réaliste$9(OLS)http://pul/title/73197 996 $6260$aParis :$bC.D.U. et S.E.D.E.S$9(OLS)http://pul/publisher/68818